000 00532nam a2200193Ia 4500
005 20250923145111.0
008 008 250917s9999 xx 000 0 eng d
037 _aTextual
040 _aDSWL
_beng
_cDSWL
041 _aeng
_2eng
084 _aY:(B28), N54
_qDSWL
245 0 _aSurvey of social statistics
_cby United Nations
260 _aNew York
_b United Nations
_c1954
300 _avi,86 p.
365 _aINR
_b4.50
925 _g4.50
942 _cTEXL
_hY:(B28), N54
999 _c1447096
_d1447096